000 00795nam a22002651 4500
001 35980
003 BD-RjUL
005 20211209052420.0
008 140612s1963 njua b 000 0 eng d
035 _a(BD-RjUL)36077
040 _aDLC
_cDLC
_dDLC
_dBD-RjUL
_beng
041 _aeng
082 0 0 _a320
_bDAM 1963
100 1 _aDahl, Robert A.,
_d1915-2014.
_9109526
245 1 0 _aModern political analysis /
_c Robert A. Dahl,
260 _aEnglewood Cliffs, N.J. :
_bPrentice-Hall ,
_c1963.
300 _a118 p. :
_bill. ;
_c23 cm.
490 0 _aFoundations of modern political science series
504 _aIncludes bibliography.
650 0 _aPower (Social sciences)
_9109527
650 0 _aPolitical science.
_9109528
942 _2ddc
_cBK
999 _c35980
_d35980